The schoyen collection checklist of manuscripts 1 - 2867

Podrobná bibliografia
Hlavný autor: Schoyen, Martin (Autor)
Médium: Kniha
Jazyk:angličtina
Fyzický popis:149 s., [103] fareb. obr. príl. 30 cm
Vydavateľské údaje: Oslo Principio Press 1999
Vydanie:15th ed.
Predmet:

MARC

LEADER 00000nam a2200000 a 4500
001 vtls001330373
003 SK-MaSNL
005 20260301235659.0
008 251124s1999 NO ab r y 0 eng
035 |a SNK000283235 
040 |a SNK  |b slo  |c SNK  |e AACR2 
044 |a NO 
080 |a 018.2:091(100)  |2 1981 
100 1 |a Schoyen, Martin  |4 aut  |9 633236 
245 1 4 |a The schoyen collection  |b checklist of manuscripts 1 - 2867  |c by Martin Schoyen 
250 |a 15th ed. 
260 |a Oslo  |b Principio Press  |c 1999 
300 |a 149 s., [103] fareb. obr. príl.  |c 30 cm 
650 0 7 |a rukopisy  |2 SNKPH  |9 1788 
655 7 |a katalógy  |2 SNKPH  |9 60821 
999 |c 976145  |d 978075 
952 |t P60, <04>, [BOOK], {604}  |a SNK  |b SNK  |y VYP  |7 0  |p 17A0214571  |o snkIB 70043  |i snkD 1047/99  |0 0  |1 0  |4 0  |d 2001-02-19  |l 0  |r 2005-01-02 00:00:00  |w 2026-02-24